书目信息 |
| 题名: |
土木工程专业英语
|
|
| 作者: | 鲁正 著 | |
| 分册: | ||
| 出版信息: | 北京 机械工业出版社 2024.12 |
|
| 页数: | 248页 | |
| 开本: | 26cm | |
| 丛书名: | 面向可持续发展的土建类工程教育丛书 | |
| 单 册: | ||
| 中图分类: | TU-43 | |
| 科图分类: | ||
| 主题词: | 土木工程--tu mu gong cheng--英语--高等学校--教材 | |
| 电子资源: | ||
| ISBN: | 978-7-111-74841-0 | |
| 000 | 01576nam 2200337 450 | |
| 001 | 95876 | |
| 005 | 20250903163546.95 | |
| 010 | @a978-7-111-74841-0@dCNY49.90 | |
| 100 | @a20241225d2024 em y0chiy50 ea | |
| 101 | 0 | @achi@aeng |
| 102 | @aCN@b110000 | |
| 105 | @aa a 000yy | |
| 106 | @ar | |
| 200 | 1 | @a土木工程专业英语@Atu mu gong cheng zhuan ye ying yu@f鲁正著 |
| 205 | @a第2版 | |
| 210 | @a北京@c机械工业出版社@d2024.12 | |
| 215 | @a248页@c图@d26cm | |
| 225 | 2 | @a面向可持续发展的土建类工程教育丛书@Amian xiang ke chi xu fa zhan de tu jian lei gong cheng jiao yu cong shu |
| 225 | 2 | @a一流本科专业一流本科课程建设系列教材@Ayi liu ben ke zhuan ye yi liu ben ke ke cheng jian she xi lie jiao cai |
| 300 | @a“十三五”国家重点出版物出版规划项目 | |
| 312 | @a英文题名取自封面 | |
| 320 | @a有书目 (第245-248页) | |
| 330 | @a本书的编写基于同济大学近十几年对土木工程专业英语课程的教学探索和大量的素材积累 ; 全书涵盖土木工程各个领域的基本英语用法, 有点有面 ; 在第1版的基础上, 针对性地引入当前科研和工程热点, 如智能建造、绿色建筑等 ; 实用性很强, 最后一章讲述了科技论文写作。全书分为15个单元, 并将其归为4大部分, 分别为土木工程、土木工程新材料和新发展、项目管理和案例分析、专业英语写作。 | |
| 410 | 0 | @12001 @a面向可持续发展的土建类工程教育丛书 |
| 410 | 0 | @12001 @a一流本科专业一流本科课程建设系列教材 |
| 510 | 1 | @aCivil engineering speciality English@zeng |
| 606 | 0 | @a土木工程@Atu mu gong cheng@x英语@x高等学校@j教材 |
| 690 | @aTU-43@v5 | |
| 701 | 0 | @a鲁正@Alu zheng@4著 |
| 801 | 0 | @aCN@c20250909 |
| 905 | @a河南城建学院图书馆@dTU-43@eL825=2@f1 | |
| 土木工程专业英语/鲁正著.-第2版.-北京:机械工业出版社,2024.12 |
| 248页:图;26cm.-(面向可持续发展的土建类工程教育丛书).-(一流本科专业一流本科课程建设系列教材) |
| “十三五”国家重点出版物出版规划项目 |
| ISBN 978-7-111-74841-0:CNY49.90 |
| 本书的编写基于同济大学近十几年对土木工程专业英语课程的教学探索和大量的素材积累 ; 全书涵盖土木工程各个领域的基本英语用法, 有点有面 ; 在第1版的基础上, 针对性地引入当前科研和工程热点, 如智能建造、绿色建筑等 ; 实用性很强, 最后一章讲述了科技论文写作。全书分为15个单元, 并将其归为4大部分, 分别为土木工程、土木工程新材料和新发展、项目管理和案例分析、专业英语写作。 |
| ● |
| 相关链接 |
|
|
|
正题名:土木工程专业英语
索取号:TU-43/L825=2
 
预约/预借
| 序号 | 登录号 | 条形码 | 馆藏地/架位号 | 状态 | 备注 |
| 1 | 1630007 | 216300072 | 建筑库101/101建筑库 95排1列3层/ [索取号:TU-43/L825=2] | 在馆 |